000
00304nam a22001217a 4500
041
_a
ENG
100
_a
kay .M
245
_a
Irrigation Water Managemant Training Manual Small-Scale Pumped Irrigation ;Energy And Cost
260
_a
Rome
_b
FAO
_c
1992
300
_a
80
650
_a
FAO
856
_u
FAO ( 01 )
999
_c
2359
_d
2359